000 00602nam a22001817a 4500
005 20180701135206.0
020 _a8177092324
_c178.00
035 _aB-82330
037 _bBharati Bhawan
082 _a530
100 _aVerma, H.C.
245 _aConcepts of physics
_c H.C. Verma,
260 _aNew Delhi
_bBharati Bhawan
_c1993
270 _a4271/3 Ansari Road, Daryaganj, New Delhi 110002
_bNew Delhi
_e110002
300 _a466p.
_c27cm(pb)
942 _2ddc
_cEN
_h530
_mVER
999 _c153126
_d153126